Verlan : mort subite - Statistiques

Statistiques générales
  • Ce quiz a été pris 583 fois
  • Le résultat moyen est 32 sur 35
Answers on the Grid
Answers color-coded by a green-red scale on the quiz's grid according to % correct below.
Zarbi
Pécho
Vénère
Reuch
Pyjama en pilou
Québlo
Petit filou
Ouf
Ienb
Cocorico
Chocolacho
Pineco
Chelou
Cagibi
Teubé
Sac en croco
Patapouf
Iench
Plouf-Plouf
Roi du disco
Osso-buco
Wad
Meuf
A donf
Tehon
Langue-de-boeuf
Aralebonbon
Keum
Reum
Pied-de-mouton
Tromé
Ouam
Portnawak
Iep
Constipé
Goleri
Hara-kiri
Reuss
Tu sens le pâté
Ziva
Turvoi
Teuté
Ripou
Oilpé
Reup
Zicmu
Ils ont des chapeaux ronds
Téma
Rien dans le caleçon
Chanmé
Petit fripon
Tigen
Teuf
Relou
 
Statistiques - réponses
Réponse % Correct
Zarbi
99%
Pécho
98%
Ouf
96%
Vénère
96%
Québlo
94%
Chelou
93%
Keum
93%
Teubé
93%
A donf
92%
Relou
92%
Reum
92%
Téma
92%
Teuf
92%
Chanmé
91%
Goleri
91%
Ouam
91%
Reup
91%
Tromé
91%
Meuf
90%
Reuch
90%
Ripou
90%
Tigen
90%
Zicmu
90%
Ziva
90%
Reuss
89%
Teuté
89%
Turvoi
89%
Iench
88%
Iep
88%
Tehon
88%
Ienb
87%
Oilpé
87%
Pineco
85%
Wad
77%
Portnawak
71%
Aucun quiz correspondant
Distribution des résultats
% des personnes avec chaque résultat
Percentile par nombre de réponses
Votre historique - résultats
Vous n’avez pas pris ce quiz